| 000 | 00697nam a2200169 a 4500 | ||
|---|---|---|---|
| 001 | BRCA_1277 | ||
| 005 | 20190320203346.0 | ||
| 008 | 110408s2000----us-a---###---#000-0#eng-# | ||
| 050 | 4 |
_aNK2003 _b.Y44 2000 |
|
| 245 | 1 | 0 | _aIn ye Grandest Manner and After ye Newest Fashion. |
| 260 |
_aCalifornia _bLong Beach Museum of Art _c2000 |
||
| 300 |
_a1 v. (sin paginación) _bil. a color, fotografías _c28 cm. |
||
| 500 | _aCatálogo de la exposición realizada en el Long Beach Museum of Art (California), 24 septiembre - 26 noviembre, 2000 | ||
| 650 | 1 | 4 |
_aMuebles de madera _ySiglo XVIII _zEstados Unidos _94198 |
| 650 | 1 | 4 |
_aDecoración _yPeriodo colonial, hasta 1830 _zEstados Unidos _94199 |
| 942 |
_2lcc _cB |
||
| 999 |
_c1146 _d1146 |
||